<?xml version="1.0" encoding="UTF-8"?><?xml-stylesheet type="text/xsl" href="static/style.xsl"?><OAI-PMH xmlns="http://www.openarchives.org/OAI/2.0/" xmlns:xsi="http://www.w3.org/2001/XMLSchema-instance" xsi:schemaLocation="http://www.openarchives.org/OAI/2.0/ http://www.openarchives.org/OAI/2.0/OAI-PMH.xsd"><responseDate>2026-04-13T04:02:00Z</responseDate><request verb="GetRecord" identifier="oai:www.recercat.cat:2117/98981" metadataPrefix="marc">https://recercat.cat/oai/request</request><GetRecord><record><header><identifier>oai:recercat.cat:2117/98981</identifier><datestamp>2025-07-17T08:50:26Z</datestamp><setSpec>com_2072_1033</setSpec><setSpec>col_2072_452950</setSpec></header><metadata><record xmlns="http://www.loc.gov/MARC21/slim" xmlns:dcterms="http://purl.org/dc/terms/" xmlns:xsi="http://www.w3.org/2001/XMLSchema-instance" xmlns:doc="http://www.lyncode.com/xoai" xsi:schemaLocation="http://www.loc.gov/MARC21/slim http://www.loc.gov/standards/marcxml/schema/MARC21slim.xsd">
   <leader>00925njm 22002777a 4500</leader>
   <datafield ind2=" " ind1=" " tag="042">
      <subfield code="a">dc</subfield>
   </datafield>
   <datafield ind2=" " ind1=" " tag="720">
      <subfield code="a">Chacón Flores, Rolando Antonio</subfield>
      <subfield code="e">author</subfield>
   </datafield>
   <datafield ind2=" " ind1=" " tag="720">
      <subfield code="a">Arrayago Luquin, Itsaso</subfield>
      <subfield code="e">author</subfield>
   </datafield>
   <datafield ind2=" " ind1=" " tag="720">
      <subfield code="a">Mirambell Arrizabalaga, Enrique</subfield>
      <subfield code="e">author</subfield>
   </datafield>
   <datafield ind2=" " ind1=" " tag="260">
      <subfield code="c">2016-12-23</subfield>
   </datafield>
   <datafield ind2=" " ind1=" " tag="520">
      <subfield code="a">Convenio Astilleros Amilibia U., S.L. - CEDIPSA UPC.&#xd;
El objeto del convenio es la realización del estudio de la capacidad portante de estructuras de aluminio diseñadas para pantalanes de puertos. El estudio se lleva a cabo mediante la realización de dos ensayos experimentales sobre subestructuras de dichos pantalanes y de análisis numéricos de dichas estructuras. Asimismo, se revisan y evalúan algunos de los cálculos efectuados por terceros para los pantalanes sometidos a las combinaciones de acciones pertinentes, de acuerdo con la normativa europea vigente EN 1990, Bases de cálculo, y EN 1999-1-1, Cálculo de estructuras de aluminio, y se verifican en concreto las barras más solicitadas de la estructura global del pantalán en cuestión.</subfield>
   </datafield>
   <datafield ind2=" " ind1=" " tag="520">
      <subfield code="a">El objeto del convenio es la realización del estudio de la capacidad portante de estructuras de aluminio diseñadas para pantalanes de puertos. El estudio se lleva a cabo mediante la realización de dos ensayos experimentales sobre subestructuras de dichos pantalanes y de análisis numéricos de dichas estructuras. Asimismo, se revisan y evalúan algunos de los cálculos efectuados por terceros para los pantalanes sometidos a las combinaciones de acciones pertinentes, de acuerdo con la normativa europea vigente EN 1990, Bases de cálculo, y EN 1999-1-1, Cálculo de estructuras de aluminio, y se verifican en concreto las barras más solicitadas de la estructura global del pantalán en cuestión.</subfield>
   </datafield>
   <datafield ind2=" " ind1=" " tag="520">
      <subfield code="a">Preprint</subfield>
   </datafield>
   <datafield tag="653" ind2=" " ind1=" ">
      <subfield code="a">Àrees temàtiques de la UPC::Enginyeria civil::Materials i estructures::Materials i estructures metàl·liques</subfield>
   </datafield>
   <datafield tag="653" ind2=" " ind1=" ">
      <subfield code="a">Pontoons</subfield>
   </datafield>
   <datafield tag="653" ind2=" " ind1=" ">
      <subfield code="a">Aluminum, Structural</subfield>
   </datafield>
   <datafield tag="653" ind2=" " ind1=" ">
      <subfield code="a">Estructuras de aluminio para pantalanes</subfield>
   </datafield>
   <datafield tag="653" ind2=" " ind1=" ">
      <subfield code="a">EN 1990</subfield>
   </datafield>
   <datafield tag="653" ind2=" " ind1=" ">
      <subfield code="a">EN 1999-1-1</subfield>
   </datafield>
   <datafield tag="653" ind2=" " ind1=" ">
      <subfield code="a">Análisis experimental</subfield>
   </datafield>
   <datafield tag="653" ind2=" " ind1=" ">
      <subfield code="a">Análisis numérico</subfield>
   </datafield>
   <datafield tag="653" ind2=" " ind1=" ">
      <subfield code="a">Pantalans</subfield>
   </datafield>
   <datafield tag="653" ind2=" " ind1=" ">
      <subfield code="a">Estructures d'alumini</subfield>
   </datafield>
   <datafield ind2="0" ind1="0" tag="245">
      <subfield code="a">Estudio experimental y numérico de la capacidad portante de vigas de aluminio diseñadas para pantalanes de puertos</subfield>
   </datafield>
</record></metadata></record></GetRecord></OAI-PMH>